Zákazková výstavba nehnuteľnosti na predaj - priebežný transfer
Opatrenia MF SR č. MF 25822/2010-74 do slovenskej právnej úpravy, ktorým sa ustanovujú podrobnosti o postupoch účtovania a rámcovej účtovnej osnove podnikateľov účtujúcich v sústave podvojného účtovníctva. Interpretácia pojmu priebežný transfer (continuous transfer). IFRIC 15 - Zmluvy o výstavbe neh...
Salvato in:
| Autore principale: | |
|---|---|
| Natura: | Capitolo di libro |
| Lingua: | slovacco |
| Soggetti: | |
| Tags: |
Nessun Tag, puoi essere il primo ad aggiungerne!!
|
MARC
| LEADER | 00000naa$a2200000$$$4500 | ||
|---|---|---|---|
| 001 | 0146830 | ||
| 005 | 20240502072642.9 | ||
| 041 | 0 | |a slo | |
| 044 | |a SK | ||
| 245 | 1 | 0 | |a Zákazková výstavba nehnuteľnosti na predaj - priebežný transfer |c Renáta Silná |
| 520 | |a Opatrenia MF SR č. MF 25822/2010-74 do slovenskej právnej úpravy, ktorým sa ustanovujú podrobnosti o postupoch účtovania a rámcovej účtovnej osnove podnikateľov účtujúcich v sústave podvojného účtovníctva. Interpretácia pojmu priebežný transfer (continuous transfer). IFRIC 15 - Zmluvy o výstavbe nehnuteľnosti (Agreements for the construction of real estate). | ||
| 610 | 2 | 0 | |a účtovníctvo |
| 610 | 2 | 0 | |a vedenie účtovníctva |
| 610 | 2 | 0 | |a postupy účtovné |
| 610 | 2 | 0 | |a evidencia účtovná |
| 610 | 2 | 0 | |a osnova účtová |
| 610 | 2 | 0 | |a skupiny účtové |
| 610 | 2 | 0 | |a účtovníctvo podvojné |
| 610 | 2 | 0 | |a nehnuteľnosti |
| 100 | 1 | |a Silná, Renáta, 1981- | |